Tạp chí Kiến thức ngày nay
Guardado en:
| Autor principal: | |
|---|---|
| Formato: | Libro |
| Lenguaje: | Undetermined |
| Publicado: |
Tp. Hồ Chí Minh
|
| Materias: | |
| Acceso en línea: | http://lrc.tdmu.edu.vn/opac/search/detail.asp?aID=2&ID=6836 |
| Etiquetas: |
Agregar Etiqueta
Sin Etiquetas, Sea el primero en etiquetar este registro!
|
| Thư viện lưu trữ: | Trung tâm Học liệu Trường Đại học Thủ Dầu Một |
|---|
| LEADER | 00661nam a2200157Ia 4500 | ||
|---|---|---|---|
| 001 | TDMU_6836 | ||
| 008 | 210410s9999 xx 000 0 und d | ||
| 082 | |a NULL | ||
| 100 | |a Liên Hiệp các Hội văn học nghệ thuật Tp. Hồ Chí Minh | ||
| 245 | 0 | |a Tạp chí Kiến thức ngày nay | |
| 245 | 0 | |c Liên Hiệp các Hội văn học nghệ thuật Tp. Hồ Chí Minh | |
| 260 | |a Tp. Hồ Chí Minh | ||
| 300 | |a 152tr | ||
| 650 | |a Tạp chí Kiến thức ngày nay | ||
| 856 | |u http://lrc.tdmu.edu.vn/opac/search/detail.asp?aID=2&ID=6836 | ||
| 980 | |a Trung tâm Học liệu Trường Đại học Thủ Dầu Một | ||